000 00687nam a22002297a 4500
005 20251108170519.0
008 250721s1999 xx 000 0 ara d
020 _a1575476797
082 1 4 _a415/صيد
100 1 _aالصيداوي، يوسف
245 1 0 _aالكفاف كتاب يعيد صوغ قواعد اللغة العربية /
264 1 _aبيروت :
_bدار الفكر المعاصر،
_c1999.
300 _aج.2
650 1 7 _aقواعد اللغة
650 1 7 _aاللغة العربية
650 1 7 _aالأفعال (نحو)
650 1 7 _aعلم الصرف
650 1 7 _aزمان الفعل
650 1 7 _aالظروف
942 _2ddc
_cBK
999 _c42351
_d42351